Pokémon - Attacken von Reshiram in KA/PU - Statistiken

Allgemein
  • Dieses Quiz wurde 2 mal gespielt
  • Das Durchschnittsergebnis liegt bei 44 aus 66
Antwortstatistiken
Antwort % Korrekt
Antik-Kraft
100%
Ausdauer
100%
Bodycheck
100%
Delegator
100%
Drachenklaue
100%
Drachenpuls
100%
Drachenschrei
100%
Drachentanz
100%
Draco Meteor
100%
Dunkelklaue
100%
Erdkräfte
100%
Erholung
100%
Fassade
100%
Felsgrab
100%
Feuersturm
100%
Feuerwirbel
100%
Flammenwurf
100%
Fliegen
100%
Gigastoß
100%
Grimasse
100%
Hyperstrahl
100%
Kreuzflamme
100%
Lichtschild
100%
Psychokinese
100%
Reflektor
100%
Regentanz
100%
Schutzschild
100%
Sonnentag
100%
Spukball
100%
Steinhagel
100%
Steinkante
100%
Tera-Ausbruch
100%
Wutanfall
100%
Blauflammen
50%
Body Press
50%
Bodyslam
50%
Brandsand
50%
Breitseite
50%
Doppelflügel
50%
Drachenrute
50%
Feuerodem
50%
Feuerzahn
50%
Flammenblitz
50%
Fokusstoß
50%
Hitzekoller
50%
Hitzewelle
50%
Irrlicht
50%
Knirscher
50%
Nitroladung
50%
Risikotackle
50%
Schlafrede
50%
Schuppenschuss
50%
Solarstrahl
50%
Sternschauer
50%
Zen-Kopfstoß
50%
Begrenzer
0%
Brandstempel
0%
Brüller
0%
Kampfgebrüll
0%
Meteorologe
0%
Rechte Hand
0%
Rückenwind
0%
Schallwelle
0%
Schleuder
0%
Schlitzer
0%
Sondersensor
0%
Keine übereinstimmenden Quizze gefunden
Verteilung der Resultate
Anzahl Personen mit jedem Resultat
Perzentil nach korrekt beantworteten Fragen
Ihre Resultats-Entwicklung
Sie haben dieses Quiz noch nicht gespielt